Detalles MARC
| 000 -LIDER |
| fixed length control field |
02499nam a2200289 a 4500 |
| 001 - NÚMERO DE CONTROL |
| Identificador de número de control |
|
| 003 - IDENTIFICACDOR DE NÚMERO DE CONTROL |
| control field |
DO-SdBNP |
| 005 - DATE AND TIME OF LATEST TRANSACTION |
| control field |
20220328111947.0 |
| 008 - ELEMENTOS DE LONGITUD FIJA |
| fixed length control field |
090630s2000 dr a 001 0dspa d |
| 020 ## - ISBN |
| Terms of availability |
9789993401599 |
| 040 ## - FUENTE DE CATALOGACIÓN |
| Agencia que crea de manera original el registro |
DO-SdBNP |
| Idioma de catalogación |
spa |
| Agencia que realiza la transcripción |
BPMSU |
| 082 ## - NÚMERO DE CLASIFICACIÓN DECIMAL DE DEWEY |
| Classification number |
972.93040922 |
| Item number |
L453m 2000 |
| Edition number |
22 |
| 100 1# - ASIENTO PRINCIPAL -- NOMBRE PERSONAL |
| Nombre personal |
Lebrón de Anico, Rosa |
| 245 13 - MENCIÓN DE TITULO |
| Título |
La mujer en la gesta heroíca de la Independencia Nacional : |
| Subtítulo |
lágrimas, sacrificio y renunciamiento / |
| Mención de responsabilidad |
Rosa Lebrón de Anico. |
| 260 ## - PUBLICACIÓN, DISTRIBUCIÓN, ETC. (PIE DE IMPRENTA) |
| Lugar de publicación, distribución, etc |
Santo Domingo : |
| Nombre del editor, distribuidor, etc. |
Librería La Trinitaria, |
| Fecha de publicación, distribución, etc |
2000. |
| 300 ## - DESCRIPCIÓN FÍSICA |
| Extensión |
122 p. : |
| Otros detalles físicos |
il., retrs. ; |
| Dimensiones |
21 cm. |
| 500 ## - NOTA GENERAL |
| Nota general |
Incluye índice. |
| 500 ## - NOTA GENERAL |
| Nota general |
Incluye referencias bibliográficas y notas al pie de las páginas |
| 504 ## - NOTA DE BIBLIOGRAFÍA, ETC. |
| Bibliography, etc |
Bibliografía : p. 121-122. |
| 505 00 - NOTA DE CONTENIDO |
| Título |
Invasiones haitianas a territorio dominicano -- |
| -- |
Invasión del año 1801 -- |
| -- |
Invasión del año 1805 -- |
| -- |
Invasión del año 1822 -- |
| -- |
Invasión del 12 de junio de 1843 -- |
| -- |
Invasión del año 1844 -- |
| -- |
Invasión del año 1845 -- |
| -- |
Invasiones de los años 1849, 1855, 1856 -- |
| -- |
Manuela Díez -- |
| -- |
Rosa Duarte -- |
| -- |
Maria Antonia y Lluberes -- |
| -- |
Ocupación haitiana -- |
| -- |
Conspiración de Los Alcarrizos -- |
| -- |
Las vírgenes de Galindo -- |
| -- |
Fundación de la Trinitaria -- |
| -- |
Josefa Antonia Pérez de la Paz (Doña Chepita) -- |
| -- |
Sociedades La Dramática y La Filantrópica -- |
| -- |
Filomena Gómez de Cova -- |
| -- |
Concepción Bona y María de Jesús Pina -- |
| -- |
Las hermanas Villa -- |
| -- |
Micaela de Rivera y Froilana Febles -- |
| -- |
Olaya del Rosario de Sánchez (Mamá Olaya) -- |
| -- |
Mujeres amadas por Francisco del Rosario Sánchez -- |
| -- |
María Evarista Hinojosa (Mimita Betancourt) -- |
| -- |
Balbina de Peña -- |
| -- |
Mujeres que estuvieron presentes en los campos de acción de la independencia -- |
| -- |
María Baltasara de los Reyes -- |
| -- |
María Trinidad Sánchez -- |
| -- |
Juana Saltitopa -- |
| -- |
María Rosa Montás -- |
| -- |
Petronila Gaú -- |
| -- |
Petronila Abreu Delgado -- |
| -- |
Altagracia Abreu de Ravelo -- |
| -- |
Mujeres en la familia de Ramón Matías Mella -- |
| -- |
Francisca Javier Castillo -- |
| -- |
Josefa Brea -- |
| -- |
Agustina Medrano de Castillo -- |
| -- |
Ana Valverde -- |
| -- |
Catalina Encarnación (Mamá Catalina Ogando) -- |
| -- |
Rosa Bastardo de Guillermo -- |
| -- |
Poetisas que cantaron a la patria -- |
| -- |
María Josefa Pérez Guerra -- |
| -- |
Francisca López |
| 590 ## - NOTA LOCAL |
| Enlace |
Inventariado, 20121/VM |
| 650 #4 - ENCABEZAMIENTO DE MATERIA--TEMÁTICO |
| Término temático o nombre geográfico como elemento de entrada |
Mujeres |
| Subdivisión geográfica |
República Dominicana |
| Subdivisión de forma |
Biografás |
| 650 #4 - ENCABEZAMIENTO DE MATERIA--TEMÁTICO |
| Término temático o nombre geográfico como elemento de entrada |
Mujeres en la política |
| Subdivisión geográfica |
República Dominicana |
| 651 #4 - ENCABEZAMIENTO DE MATERIA--NOMBRE GEOGRÁFICO |
| Nombre geográfico |
República Dominicana |
| Subdivisión temática general |
Historia |
| Subdivisión cronológica |
1844-1861 |
| Subdivisión de forma |
Bibliograías |
| 910 ## - VALIDACIÓN |
| Validación |
MCabrera /VMateo V. |
| 942 ## - ADDED ENTRY ELEMENTS (KOHA) |
| Source of classification or shelving scheme |
Dewey Decimal Classification |
| Koha item type |
Libros |